|
|
|
|
| LEADER |
01434nam a2200361 a 4500 |
| 001 |
41896 |
| 003 |
BD-DhAAL |
| 005 |
20231019141500.0 |
| 008 |
231019t2010 nyua b 001 0 eng |
| 010 |
|
|
|a 2009043266
|
| 015 |
|
|
|a GBB008849
|2 bnb
|
| 016 |
7 |
|
|a 015473169
|2 Uk
|
| 020 |
|
|
|a 9780231149327 (cloth : alk. paper)
|
| 020 |
|
|
|a 9780231149334 (pbk. : alk. paper)
|
| 035 |
|
|
|a (OCoLC)ocn458890808
|
| 040 |
|
|
|a DLC
|c DLC
|d YDX
|d UKM
|d YDXCP
|d CDX
|d BWX
|d DLC
|d BD-DhAAL
|
| 042 |
|
|
|a pcc
|
| 050 |
0 |
0 |
|a BP605.S14
|b S75 2010
|
| 082 |
0 |
0 |
|a 294.5092
|2 22
|
| 100 |
1 |
|
|a Srinivas, Tulasi.
|9 48712
|
| 245 |
1 |
0 |
|a Winged faith :
|b rethinking globalization and religious pluralism through the Sathya Sai movement /
|c Tulasi Srinivas.
|
| 264 |
|
|
|a New York :
|b Columbia University Press,
|c c2010.
|
| 300 |
|
|
|a xii, 430 pages :
|b illustrations ;
|c 23 cm.
|
| 504 |
|
|
|a Includes bibliographical references (p. [347]-411) and index.
|
| 526 |
|
|
|a ESS
|
| 541 |
|
|
|a Book Finder International
|e 41896
|
| 600 |
0 |
0 |
|a Sathya Sai Baba,
|d 1926-2011
|x Cult.
|9 55742
|
| 650 |
|
0 |
|a Globalization
|x Religious aspects.
|9 29219
|
| 650 |
|
0 |
|a Religious pluralism.
|9 55743
|
| 852 |
|
|
|a Ayesha Abed Library
|c General Stacks
|
| 942 |
|
|
|2 ddc
|c BK
|
| 999 |
|
|
|c 44283
|d 44283
|
| 952 |
|
|
|0 0
|1 0
|2 ddc
|4 0
|6 294_509200000000000_SRI
|7 0
|9 74609
|a BRACUL
|b BRACUL
|c GEN
|d 2023-10-19
|e Book Finder International
|g 3661.24
|l 0
|o 294.5092 SRI
|p 3010041896
|r 2023-10-17
|t 1
|v 3661.24
|w 2023-10-17
|y BK
|